[Event "4NCL/Div2/IKHH2-BR2"]
[Site "Rd2-Birmingham"]
[Date "1999.10.10"]
[Round "2.2"]
[White "Hanley, Craig"]
[Black "Lock, Gavin"]
[Result "1-0"]
[WhiteElo "2178"]
[BlackElo "2103"]
[PlyCount "99"]
[EventDate "1999.10.10"]
[Source "Britbase"]
[SourceDate "2000.01.01"]

1. c4 Nc6 2. Nc3 e5 3. g3 g6 4. Bg2 Bg7 5. e4 d6 6. Nge2 Nge7 7. O-O O-O 8. d3
Be6 9. Rb1 a5 10. Nd5 Qd7 11. Be3 f5 12. f4 fxe4 13. dxe4 Rac8 14. Qd2 b6 15.
b3 Bh3 16. fxe5 Bxg2 17. Rxf8+ Rxf8 18. exd6 Qxd6 19. Kxg2 Qe6 20. Nec3 Rd8 21.
Qe2 Nxd5 22. exd5 Qe8 23. Bd2 Qd7 24. Re1 Nd4 25. Qe7 Nf5 26. Qe6+ Qxe6 27.
Rxe6 Kf7 28. Ne4 h6 29. Bc3 Bxc3 30. Nxc3 Nd4 31. Re4 Nf5 32. Nb5 Nd6 33. Rf4+
Kg7 34. Nxc7 Rd7 35. Ne6+ Kg8 36. Rf8+ Kh7 37. Rb8 Rb7 38. Rxb7+ Nxb7 39. Kf3
Kg8 40. Ke4 Kf7 41. Ke5 Ke7 42. Nf4 g5 43. Ne6 Nd6 44. h4 gxh4 45. gxh4 a4 46.
Nd4 axb3 47. Nc6+ Kf7 48. axb3 Nb7 49. b4 Kg6 50. d6 1-0

[Event "4NCL/Div2/IKHH2-BR2"]
[Site "Rd2-Birmingham"]
[Date "1999.10.10"]
[Round "2.3"]
[White "Mills, Natalie"]
[Black "Easton, Alex"]
[Result "1/2-1/2"]
[WhiteElo "2010"]
[BlackElo "2165"]
[PlyCount "63"]
[EventDate "1999.10.10"]
[Source "Britbase"]
[SourceDate "2000.01.01"]

1. d4 Nf6 2. Bg5 d5 3. Nf3 Bf5 4. Nbd2 Nbd7 5. e3 h6 6. Bh4 e6 7. Ne5 Be7 8. g4
Bh7 9. Bd3 Bxd3 10. cxd3 c6 11. Qe2 Qb6 12. O-O g5 13. Bg3 h5 14. gxh5 Nxh5 15.
Ndf3 f6 16. Ng6 Rh6 17. Nxe7 Kxe7 18. Kg2 Rg8 19. Rae1 Nf8 20. Qc2 Ng6 21. b4
Rgh8 22. Rh1 Nxg3 23. fxg3 g4 24. Nd2 Kd8 25. a3 Ne7 26. Nb3 Nf5 27. Nc5 Ke7
28. Qf2 Qc7 29. e4 Ng7 30. exd5 cxd5 31. Qe2 f5 32. Rc1 1/2-1/2

[Event "4NCL/Div2/IKHH2-BR2"]
[Site "Rd2-Birmingham"]
[Date "1999.10.10"]
[Round "2.4"]
[White "Dilleigh, Stephen"]
[Black "Martin, Barry"]
[Result "1-0"]
[WhiteElo "2186"]
[BlackElo "2003"]
[PlyCount "59"]
[EventDate "1999.10.10"]
[Source "Britbase"]
[SourceDate "2000.01.01"]

1. c4 Nf6 2. g3 Nc6 3. Bg2 b6 4. d4 Rb8 5. Nf3 Bb7 6. O-O e6 7. Nc3 Be7 8. d5
exd5 9. cxd5 Nb4 10. Nh4 O-O 11. a3 Na6 12. Nf5 d6 13. b4 Bc8 14. Nxe7+ Qxe7
15. Bb2 Bd7 16. Qd3 Bc8 17. e4 Nd7 18. f4 f6 19. Nb5 Ra8 20. Rac1 Ndb8 21. e5
Nc5 22. bxc5 bxc5 23. exf6 gxf6 24. Rfe1 Qf7 25. Re3 a6 26. Nc3 Bd7 27. Rce1
Re8 28. Ne4 Rxe4 29. Bxe4 Bb5 30. Bxh7+ 1-0

[Event "4NCL/Div2/IKHH2-BR2"]
[Site "Rd2-Birmingham"]
[Date "1999.10.10"]
[Round "2.5"]
[White "Stille, Alex"]
[Black "Buckley, David"]
[Result "0-1"]
[WhiteElo "1768"]
[BlackElo "2163"]
[PlyCount "90"]
[EventDate "1999.10.10"]
[Source "Britbase"]
[SourceDate "2000.01.01"]

1. e4 Nf6 2. e5 Nd5 3. d4 d6 4. c4 Nb6 5. exd6 cxd6 6. Nc3 g6 7. Be3 Bg7 8. Bd3
O-O 9. b3 e5 10. Nge2 Nc6 11. dxe5 dxe5 12. O-O Be6 13. Rc1 Qc7 14. a3 Rad8 15.
Qc2 Nd4 16. Nxd4 exd4 17. Nb5 Qe5 18. Nxd4 Rxd4 19. Bxd4 Qxd4 20. Be4 Rb8 21.
Rfd1 Qc5 22. Qa2 Bh6 23. Rc3 Qe5 24. Qc2 Re8 25. g3 Bc8 26. c5 Nd7 27. c6 bxc6
28. Bxc6 Re7 29. a4 Nf8 30. Rc5 Qf6 31. Qc3 Qxc3 32. Rxc3 Bg4 33. Bf3 Bxf3 34.
Rxf3 Rb7 35. Rd4 Ne6 36. Rc4 Bf8 37. Rfc3 Bb4 38. Rd3 Nc5 39. Rf3 a5 40. h4 h5
41. Kf1 Rd7 42. Rc2 Rd1+ 43. Kg2 Rb1 44. Rc4 Kg7 45. Rc2 Rxb3 0-1

[Event "4NCL/Div2/IKHH2-BR2"]
[Site "Rd2-Birmingham"]
[Date "1999.10.10"]
[Round "2.6"]
[White "Grossett, Duncan"]
[Black "Howell, Susan"]
[Result "1-0"]
[WhiteElo "2080"]
[BlackElo "1728"]
[PlyCount "107"]
[EventDate "1999.10.10"]
[Source "Britbase"]
[SourceDate "2000.01.01"]

1. e4 e6 2. d4 d5 3. Nd2 dxe4 4. Nxe4 Bd7 5. Nf3 Bc6 6. Bd3 Nd7 7. O-O Ngf6 8.
Ng3 Bd6 9. Qe2 Bxf3 10. Qxf3 c6 11. Re1 O-O 12. b3 Bb4 13. Re2 Bc3 14. Bxh7+
Nxh7 15. Qxc3 Nb6 16. Bb2 Nd5 17. Qd2 Qg5 18. Ne4 Qxd2 19. Rxd2 Rfd8 20. c4
Ndf6 21. f3 b6 22. Rad1 Rac8 23. Kf2 Rd7 24. Ke3 Rcd8 25. h4 Nxe4 26. fxe4 Nf6
27. d5 cxd5 28. Bxf6 gxf6 29. exd5 exd5 30. Rxd5 Re7+ 31. Kf3 Rde8 32. Rd8 Re3+
33. Kg4 Kg7 34. Rxe8 Rxe8 35. Kf3 Re7 36. Rd2 Kg6 37. g4 Kh6 38. Kf4 Kg6 39.
Rd5 Kg7 40. a4 Re1 41. a5 Re6 42. b4 Rc6 43. c5 bxc5 44. Rxc5 Rd6 45. Ke4 Rd7
46. a6 Rd6 47. b5 Rb6 48. Kd5 Re6 49. Rc7 Re5+ 50. Kc4 Re4+ 51. Kc5 Re5+ 52.
Kb4 Re4+ 53. Ka5 Rxg4 54. Rxa7 1-0

[Event "4NCL/Div2/LG3C-SL2"]
[Site "Rd2-Birmingham"]
[Date "1999.10.10"]
[Round "2.1"]
[White "Longson, Alex"]
[Black "Houska, Jovanka"]
[Result "1/2-1/2"]
[WhiteElo "2169"]
[BlackElo "2251"]
[PlyCount "220"]
[EventDate "1999.10.10"]
[Source "Britbase"]
[SourceDate "2000.01.01"]

1. e4 d5 2. exd5 Qxd5 3. Nc3 Qd6 4. d4 Nf6 5. Nf3 a6 6. Ne5 Nc6 7. Nxc6 Qxc6 8.
d5 Qd6 9. Be2 b5 10. Bf3 Bb7 11. O-O b4 12. Ne4 Nxe4 13. Bxe4 g6 14. g3 Bg7 15.
Qd3 O-O 16. Bf4 Qd7 17. Rfd1 a5 18. Rab1 Rfd8 19. Qc4 e5 20. dxe6 Qxd1+ 21.
Rxd1 Rxd1+ 22. Kg2 Rd4 23. exf7+ Kh8 24. Qxd4 Bxd4 25. Bxb7 Rf8 26. Bd5 Bxb2
27. Bxc7 Bg7 28. Bxa5 Rb8 29. Bb3 h6 30. Bc7 Rc8 31. Bd6 Bf8 32. Be5+ Kh7 33.
h4 Rc5 34. f4 h5 35. Kf3 Kh6 36. Ke4 Kh7 37. Bd4 Rc7 38. Kd3 Rd7 39. Ke3 Rc7
40. Ke4 Kh6 41. f5 Re7+ 42. Be5 Rd7 43. fxg6 Kxg6 44. Bd5 Re7 45. Kd4 Kf5 46.
Bf4 Rd7 47. Kc4 Rd8 48. Bd2 Ke5 49. Bf4+ Kf5 50. Bb7 Kg6 51. Bf3 Rd7 52. Bd5
Kf5 53. Bd2 Ke5 54. Bxb4 Rc7+ 55. Kb3 Kxd5 56. Bxf8 Rxf7 57. Bh6 Rf3+ 58. Kb4
Rxg3 59. c4+ Kc6 60. Bg5 Rg1 61. Kc3 Ra1 62. Kb2 Re1 63. Kc3 Kc5 64. Kd3 Ra1
65. Ke4 Rf1 66. Bf4 Kxc4 67. a4 Ra1 68. Kf5 Kd5 69. Kg6 Rxa4 70. Bg5 Ke4 71.
Kxh5 Kf5 72. Kh6 Ra6+ 73. Kg7 Ra7+ 74. Kh6 Rc7 75. Bd2 Kg4 76. Bg5 Rc6+ 77. Kg7
Kf5 78. Kh7 Rg6 79. Bd8 Rd6 80. Bg5 Rb6 81. Bd2 Kf6 82. Kh6 Rb8 83. Bg5+ Kf7
84. Kh5 Rb4 85. Bd2 Rc4 86. Bg5 Kg7 87. Be3 Rb4 88. Bd2 Rb5+ 89. Bg5 Ra5 90.
Kg4 Kg6 91. h5+ Kf7 92. Bf4 Kf6 93. Be3 Ra4+ 94. Bf4 Rb4 95. h6 Kg6 96. Kg3 Rb1
97. Bd2 Kf5 98. Kf3 Rh1 99. Kg2 Rd1 100. Be3 Ke4 101. Bg5 Rd5 102. Bc1 Rd7 103.
Ba3 Rd2+ 104. Kg1 Rd7 105. Bf8 Kf3 106. Bg7 Rd1+ 107. Kh2 Rd5 108. Kg1 Rh5 109.
Bf8 Rf5 110. Bg7 Rg5+ 1/2-1/2

[Event "4NCL/Div2/LG3C-SL2"]
[Site "Rd2-Birmingham"]
[Date "1999.10.10"]
[Round "2.2"]
[White "Tucker, Alex"]
[Black "Burgess, Jon"]
[Result "1/2-1/2"]
[WhiteElo "2213"]
[BlackElo "2145"]
[PlyCount "38"]
[EventDate "1999.10.10"]
[Source "Britbase"]
[SourceDate "2000.01.01"]

1. d4 Nf6 2. c4 g6 3. Nc3 Bg7 4. e4 d6 5. Nge2 O-O 6. Ng3 e5 7. d5 a5 8. Be2
Na6 9. h4 h5 10. Bg5 Qe8 11. a4 Bd7 12. Nb5 Rc8 13. Ra3 Nc5 14. Qc2 b6 15. Bd2
Na6 16. Qb1 Qe7 17. Bg5 Qe8 18. Bd2 Nh7 19. Qc1 Nf6 1/2-1/2

[Event "4NCL/Div2/LG3C-SL2"]
[Site "Rd2-Birmingham"]
[Date "1999.10.10"]
[Round "2.3"]
[White "Adams, Phil"]
[Black "Richmond, Robert"]
[Result "1/2-1/2"]
[WhiteElo "2072"]
[BlackElo "2237"]
[PlyCount "173"]
[EventDate "1999.10.10"]
[Source "Britbase"]
[SourceDate "2000.01.01"]

1. e4 e5 2. Nc3 d6 3. Bc4 Be7 4. d3 c6 5. f4 Nd7 6. Nf3 exf4 7. Bxf4 b5 8. Bb3
Nc5 9. O-O Nf6 10. Qe1 O-O 11. d4 Nxb3 12. axb3 b4 13. Nd1 d5 14. e5 Ne4 15.
Nf2 Nxf2 16. Qxf2 Qb6 17. Bg5 Bxg5 18. Nxg5 h6 19. Nf3 Bf5 20. Rac1 a5 21. c3
a4 22. bxa4 Rxa4 23. Ra1 Rxa1 24. Rxa1 bxc3 25. bxc3 Qb3 26. Qe3 Rb8 27. h3 Qc2
28. Rf1 Rb3 29. Rc1 Qa2 30. Rf1 Rb2 31. Rf2 Qa1+ 32. Rf1 Qa2 33. Rf2 Qb1+ 34.
Rf1 Qc2 35. Rf2 Rb1+ 36. Kh2 Qe4 37. Re2 Qxe3 38. Rxe3 Rc1 39. Kg3 Kf8 40. Nd2
Rc2 41. Nf3 Ke7 42. Ne1 Rc1 43. Kf2 Be4 44. Ke2 Ra1 45. Rg3 g6 46. Nf3 Ra2+ 47.
Nd2 Bf5 48. Ke3 Ra3 49. Ke2 Kd8 50. Rf3 h5 51. c4 Ra4 52. Rc3 Be6 53. cxd5 Bxd5
54. Nf3 Ra2+ 55. Kf1 Kd7 56. h4 Ke6 57. g3 Kf5 58. Re3 Kg4 59. Ng5 Rd2 60. e6
fxe6 61. Nxe6 Bc4+ 62. Kg1 Kf5 63. Re5+ Kf6 64. Nf4 Rxd4 65. Rg5 Bf7 66. Kf2
Rd1 67. Ke3 Re1+ 68. Kd4 Re7 69. Rc5 Rd7+ 70. Ke4 Bd5+ 71. Ke3 Kf5 72. Ra5 Re7+
73. Kf2 Re5 74. Ra8 Re7 75. Rf8+ Rf7 76. Rd8 Ke5 77. Ke3 Rf6 78. Rd7 Be6 79.
Rg7 Bf5 80. Ra7 c5 81. Re7+ Kd6 82. Rg7 Kc6 83. Kd2 Rd6+ 84. Kc3 Kb5 85. Rb7+
Rb6 86. Re7 Rf6 87. Rb7+ 1/2-1/2

[Event "4NCL/Div2/LG3C-SL2"]
[Site "Rd2-Birmingham"]
[Date "1999.10.10"]
[Round "2.4"]
[White "Armstrong, Malcolm"]
[Black "Walton, Alan"]
[Result "1/2-1/2"]
[WhiteElo "2152"]
[BlackElo "1928"]
[PlyCount "129"]
[EventDate "1999.10.10"]
[Source "Britbase"]
[SourceDate "2000.01.01"]

1. d4 e6 2. Nf3 f5 3. c4 Nf6 4. Nc3 Be7 5. g3 O-O 6. Bg2 d6 7. Qc2 Nc6 8. Bg5
Qe8 9. O-O-O a5 10. a3 Qg6 11. h4 h6 12. Bxf6 Bxf6 13. Nb5 Qf7 14. e3 Ra6 15.
d5 Nd8 16. dxe6 Bxe6 17. Bf1 Kh8 18. Nfd4 Rb6 19. Bd3 Bd7 20. a4 Nc6 21. b3 Nb4
22. Qe2 Bc6 23. Nxc6 bxc6 24. Nd4 Bxd4 25. exd4 Qf6 26. Bb1 c5 27. Qb2 cxd4 28.
Qxd4 Qxd4 29. Rxd4 Nc6 30. Rd3 Re8 31. Kd2 Kg8 32. Re1 Rxe1 33. Kxe1 Ne5 34.
Rc3 g6 35. Bc2 Kf7 36. Re3 Rb8 37. c5 Kf6 38. cxd6 cxd6 39. Rc3 Rb4 40. Rc8
Nf3+ 41. Kd1 Nd4 42. Ra8 Nxb3 43. Bxb3 Rxb3 44. Rxa5 Rb2 45. Ke1 Ra2 46. Kf1 g5
47. hxg5+ hxg5 48. Kg2 g4 49. Kf1 Ke6 50. Ra8 Ke5 51. Re8+ Kd5 52. Rf8 Ke6 53.
Re8+ Kf7 54. Ra8 d5 55. a5 d4 56. a6 d3 57. Ke1 Kg7 58. a7 Re2+ 59. Kd1 Ra2 60.
Kc1 Kh7 61. Rf8 Rxa7 62. Rxf5 Ra2 63. Kd1 Re2 64. Rf4 Kh6 65. Rxg4 1/2-1/2

[Event "4NCL/Div2/LG3C-SL2"]
[Site "Rd2-Birmingham"]
[Date "1999.10.10"]
[Round "2.5"]
[White "Gordon, Stephen"]
[Black "Ghasi, Ameet"]
[Result "1/2-1/2"]
[WhiteElo "1912"]
[BlackElo "2032"]
[PlyCount "76"]
[EventDate "1999.10.10"]
[Source "Britbase"]
[SourceDate "2000.01.01"]

1. d4 Nf6 2. c4 g6 3. Nc3 Bg7 4. e4 d6 5. f3 O-O 6. Be3 e5 7. d5 c6 8. Qd2 cxd5
9. cxd5 Nbd7 10. O-O-O Nh5 11. Kb1 a6 12. Nge2 b5 13. Nc1 Nb6 14. a3 Bd7 15. b3
Rb8 16. N1a2 Qc7 17. Rc1 Qb7 18. Nb4 Rfc8 19. g3 Rc7 20. Be2 Nc8 21. Nc6 Bxc6
22. dxc6 Rxc6 23. Nd5 Nf6 24. Rxc6 Qxc6 25. Rc1 Qe8 26. Nc7 Qd7 27. Nxa6 Rb7
28. Qc3 Ne7 29. Nc7 h6 30. Na6 Kh7 31. Bf2 Ne8 32. Qd3 Qe6 33. Nb4 Rd7 34. Rd1
Nc7 35. Bb6 Na8 36. Bf2 Nc7 37. Bb6 Na8 38. Bf2 Nc7 1/2-1/2

[Event "4NCL/Div2/LG3C-SL2"]
[Site "Rd2-Birmingham"]
[Date "1999.10.10"]
[Round "2.6"]
[White "De Coverly, Roger"]
[Black "Ashton, Adam"]
[Result "1-0"]
[WhiteElo "2096"]
[BlackElo "1840"]
[PlyCount "115"]
[EventDate "1999.10.10"]
[Source "Britbase"]
[SourceDate "2000.01.01"]

1. e4 e5 2. Nf3 Nc6 3. Bb5 a6 4. Ba4 Nf6 5. O-O Be7 6. Re1 b5 7. Bb3 O-O 8. d4
d6 9. c3 Bg4 10. d5 Nb8 11. h3 Bxf3 12. Qxf3 h6 13. Nd2 Re8 14. Nf1 Bf8 15. Ng3
g6 16. Be3 Bg7 17. a4 Nbd7 18. axb5 axb5 19. Qe2 Rb8 20. Ra2 Nc5 21. Bc2 Qc8
22. b4 Ncd7 23. Qd2 Kh7 24. Rea1 Nb6 25. Bd3 Nc4 26. Bxc4 bxc4 27. Ra6 Nd7 28.
Rc6 Nb6 29. Bxb6 Rxb6 30. Rxc4 Qb7 31. Qa2 c6 32. Qa7 cxd5 33. Qxb7 Rxb7 34.
exd5 Rb5 35. Ra5 Rxa5 36. bxa5 Ra8 37. Ra4 Ra6 38. Ra3 Bf6 39. Ne4 Bd8 40. Rb3
Kg7 41. Rb7 Bxa5 42. Rd7 g5 43. Nxd6 Bxc3 44. Nxf7 Kg6 45. Rd6+ Rxd6 46. Nxd6
Bb4 47. Ne4 Kf5 48. f3 h5 49. g4+ hxg4 50. hxg4+ Kf4 51. Kf2 Ba5 52. Ke2 Bb6
53. d6 Ba5 54. d7 Bb6 55. Nc5 e4 56. Nxe4 Ke5 57. Nxg5 Kd6 58. d8=Q+ 1-0

[Event "4NCL/Div2/LG3C-SL2"]
[Site "Rd2-Birmingham"]
[Date "1999.10.10"]
[Round "2.7"]
[White "Taylor, Robert"]
[Black "Hunt, Malcolm"]
[Result "1/2-1/2"]
[WhiteElo "1912"]
[BlackElo "1984"]
[PlyCount "62"]
[EventDate "1999.10.10"]
[Source "Britbase"]
[SourceDate "2000.01.01"]

1. e4 e5 2. Nc3 Nc6 3. Nf3 Nf6 4. d4 exd4 5. Nxd4 d6 6. Nxc6 bxc6 7. Bd3 Be7 8.
O-O O-O 9. Qf3 Nd7 10. Qd1 Bf6 11. Be3 Re8 12. f4 Bb7 13. Ne2 c5 14. Ng3 Bc6
15. c3 Rb8 16. Rb1 a5 17. Qc2 g6 18. b4 Qe7 19. bxc5 Rxb1 20. Rxb1 h5 21. cxd6
cxd6 22. Bb5 Bxb5 23. Rxb5 h4 24. Nf1 Qxe4 25. Qd2 h3 26. Qd5 Qxg2+ 27. Qxg2
hxg2 28. Kxg2 Bxc3 29. Rd5 Bb4 30. Kf3 f6 31. Nd2 Kf7 1/2-1/2

[Event "4NCL/Div2/LG3C-SL2"]
[Site "Rd2-Birmingham"]
[Date "1999.10.10"]
[Round "2.8"]
[White "Laurence, Adrian"]
[Black "Roberts, Elizabeth"]
[Result "1/2-1/2"]
[WhiteElo "1656"]
[BlackElo "1208"]
[PlyCount "83"]
[EventDate "1999.10.10"]
[Source "Britbase"]
[SourceDate "2000.01.01"]

1. c4 e5 2. Nc3 Nf6 3. g3 Nc6 4. Bg2 g6 5. d3 Bg7 6. Nf3 d6 7. O-O O-O 8. Bd2
Ne7 9. Rb1 Bd7 10. b4 a6 11. a4 c6 12. b5 cxb5 13. axb5 a5 14. Ng5 Rb8 15. Nge4
Nxe4 16. Nxe4 Nc8 17. Nc3 b6 18. Qc1 Ne7 19. Bh6 Nf5 20. Bxg7 Kxg7 21. Qd2 Qc8
22. Ne4 Rh8 23. Qg5 Qd8 24. Qxd8 Rbxd8 25. Nc3 h5 26. h4 Be6 27. Na4 Rb8 28. e3
Rhd8 29. Bd5 Bxd5 30. cxd5 Rdc8 31. Rfc1 Rxc1+ 32. Rxc1 Ne7 33. e4 Rc8 34. Rxc8
Nxc8 35. f4 exf4 36. gxf4 f6 37. Kf2 Kf7 38. Kf3 Ke7 39. d4 f5 40. e5 Kd7 41.
Ke3 Kc7 42. Kd3 1/2-1/2

[Event "4NCL/Div2/NID-SCS"]
[Site "Rd2-Birmingham"]
[Date "1999.10.10"]
[Round "2.2"]
[White "Deva, Chetan"]
[Black "Johnston, Dafydd"]
[Result "1/2-1/2"]
[WhiteElo "2127"]
[BlackElo "2170"]
[PlyCount "69"]
[EventDate "1999.10.10"]
[Source "Britbase"]
[SourceDate "2000.01.01"]

1. c4 e5 2. g3 Nc6 3. Bg2 Nf6 4. Nc3 g6 5. Nf3 Bg7 6. O-O O-O 7. d3 d6 8. Rb1
a5 9. a3 Nh5 10. Nd5 h6 11. b4 axb4 12. axb4 f5 13. Nd2 f4 14. Nb3 Bg4 15. b5
Nb8 16. Nb4 c6 17. Nd2 Qd7 18. bxc6 bxc6 19. Ne4 Kh8 20. Nc3 Bh3 21. Nc2 Bxg2
22. Kxg2 d5 23. cxd5 cxd5 24. Bd2 Nc6 25. Rb5 Nf6 26. Qb1 d4 27. Rb7 Qf5 28.
Nb5 f3+ 29. exf3 Qxd3 30. Qc1 e4 31. Bxh6 exf3+ 32. Kg1 Rg8 33. Bxg7+ Rxg7 34.
Rxg7 Kxg7 35. Nc7 1/2-1/2

[Event "4NCL/Div2/NID-SCS"]
[Site "Rd2-Birmingham"]
[Date "1999.10.10"]
[Round "2.3"]
[White "Jones, Richard S"]
[Black "Clark, Stephen"]
[Result "1-0"]
[WhiteElo "2052"]
[BlackElo "2129"]
[PlyCount "103"]
[EventDate "1999.10.10"]
[Source "Britbase"]
[SourceDate "2000.01.01"]

1. e4 c6 2. d4 d5 3. exd5 cxd5 4. c4 Nf6 5. Nc3 e6 6. Nf3 Nc6 7. cxd5 Nxd5 8.
Bd3 Be7 9. O-O O-O 10. a3 Bf6 11. Bc2 b6 12. Ne4 Ba6 13. Nxf6+ Nxf6 14. Re1 Ne7
15. Bg5 Ned5 16. Ne5 Qd6 17. Ng4 Nd7 18. Qf3 Rac8 19. Rac1 f6 20. Bd2 Rfe8 21.
Qh3 Nf8 22. Ne3 Nf4 23. Qg4 Nd3 24. Bxd3 Bxd3 25. Rxc8 Rxc8 26. Bb4 Qc6 27. d5
exd5 28. Nxd5 Ng6 29. Bc3 Re8 30. Ne3 Ne5 31. Qd4 Bg6 32. Rd1 Bf7 33. Nf5 Be6
34. Ng3 Bb3 35. Re1 Bd5 36. f4 Bxg2 37. fxe5 Bh3 38. Qe4 Qxe4 39. Rxe4 fxe5 40.
Rxe5 Rd8 41. Re7 Rd7 42. Rxd7 Bxd7 43. Nh5 Bg4 44. Nxg7 Kf7 45. Kf2 b5 46. Kg3
h5 47. h3 Be2 48. Nf5 Kg6 49. Kf4 a6 50. h4 Bg4 51. Nd6 Be2 52. Ke3 1-0

[Event "4NCL/Div2/NID-SCS"]
[Site "Rd2-Birmingham"]
[Date "1999.10.10"]
[Round "2.4"]
[White "Noakes, Matthew"]
[Black "Cleveland, Richard"]
[Result "1-0"]
[WhiteElo "2056"]
[BlackElo "2010"]
[PlyCount "81"]
[EventDate "1999.10.10"]
[Source "Britbase"]
[SourceDate "2000.01.01"]

1. d4 d6 2. c4 Nf6 3. Nc3 e5 4. dxe5 dxe5 5. Qxd8+ Kxd8 6. Bg5 c6 7. Nf3 Nbd7
8. a3 Kc7 9. e3 a5 10. Be2 Ne8 11. Nd2 f5 12. f4 e4 13. Bh4 a4 14. O-O-O Nc5
15. g4 g6 16. gxf5 Bxf5 17. Rhg1 b6 18. Kc2 Rg8 19. Bg4 Rg7 20. Ne2 Rf7 21. Nd4
Nd6 22. Nxf5 Nxf5 23. Bxf5 gxf5 24. Rg8 Rg7 25. Rg1 Rxg1 26. Rxg1 Bh6 27. Rg3
Nd3 28. Bf6 Bf8 29. Rg8 Rc8 30. Rh8 h6 31. Nf1 Bc5 32. Rh7+ Kb8 33. Rxh6 Rg8
34. Rh8 Rxh8 35. Bxh8 b5 36. cxb5 cxb5 37. h4 Kc7 38. h5 Kd7 39. h6 Bf8 40. h7
Ke6 41. Bd4 1-0

[Event "4NCL/Div2/NID-SCS"]
[Site "Rd2-Birmingham"]
[Date "1999.10.10"]
[Round "2.5"]
[White "Sinnett, Glyn"]
[Black "Rattray, Ross"]
[Result "1/2-1/2"]
[WhiteElo "1900"]
[BlackElo "1888"]
[PlyCount "39"]
[EventDate "1999.10.10"]
[Source "Britbase"]
[SourceDate "2000.01.01"]

1. d4 d5 2. Nf3 Nf6 3. Bg5 e6 4. e3 Nbd7 5. c4 h6 6. Bh4 c6 7. cxd5 exd5 8. Nc3
Qa5 9. Bd3 Bb4 10. Qc2 O-O 11. O-O Re8 12. a3 Bd6 13. Rae1 g5 14. Bg3 Bxg3 15.
hxg3 Qb6 16. Re2 Nf8 17. Ne5 Ng4 18. Nxg4 Bxg4 19. Rd2 Kg7 20. Bf5 1/2-1/2

[Event "4NCL/Div2/NID-SCS"]
[Site "Rd2-Birmingham"]
[Date "1999.10.10"]
[Round "2.6"]
[White "Cooley, Oliver"]
[Black "Hammond, Terry"]
[Result "1/2-1/2"]
[WhiteElo "1896"]
[BlackElo "1960"]
[PlyCount "50"]
[EventDate "1999.10.10"]
[Source "Britbase"]
[SourceDate "2000.01.01"]

1. e4 c5 2. Nf3 Nc6 3. d4 cxd4 4. Nxd4 g6 5. Be3 Bg7 6. Nc3 Nf6 7. Bc4 O-O 8.
f3 Qb6 9. Qd2 Nxe4 10. Nxe4 Bxd4 11. Bxd4 Qxd4 12. Qxd4 Nxd4 13. O-O-O Nc6 14.
Rhe1 d6 15. Nc3 Na5 16. Bb3 Nxb3+ 17. axb3 Be6 18. Nb5 Bd7 19. Nc7 Rac8 20. Nd5
Rce8 21. Nxe7+ Kg7 22. Rxd6 Be6 23. Nd5 Bxd5 24. Rxe8 Rxe8 25. Rxd5 Re2 1/2-1/2

[Event "4NCL/Div2/NID-SCS"]
[Site "Rd2-Birmingham"]
[Date "1999.10.10"]
[Round "2.7"]
[White "Tabatabai, John"]
[Black "Lutton, Ezra"]
[Result "1-0"]
[WhiteElo "1865"]
[BlackElo "1752"]
[PlyCount "143"]
[EventDate "1999.10.10"]
[Source "Britbase"]
[SourceDate "2000.01.01"]

1. Nc3 Nf6 2. d3 e5 3. g3 Bb4 4. Bg2 Nc6 5. e3 b6 6. a3 Bxc3+ 7. bxc3 Bb7 8.
Ne2 O-O 9. c4 d6 10. Nc3 Nd7 11. e4 Ne7 12. O-O f5 13. Nd5 Nxd5 14. cxd5 f4 15.
gxf4 exf4 16. Bh3 f3 17. Kh1 Bc8 18. Rg1 Qh4 19. Rg3 Ne5 20. Bxc8 Raxc8 21. Qg1
Ng6 22. Rg4 Qh5 23. Bb2 Rf7 24. Qg3 Rcf8 25. Rg5 Qh6 26. Rg1 Rf4 27. Bc1 R4f7
28. Qg4 Ne7 29. Bb2 Ng6 30. Bc1 Ne7 31. Bb2 Ng6 32. Rg3 Rf4 33. Qe6+ Kh8 34.
Rxg6 hxg6 35. Bc1 R4f6 36. Bxh6 Rxe6 37. dxe6 gxh6 38. Rxg6 Kh7 39. e7 Re8 40.
Rf6 Rxe7 41. Rxf3 Kg7 42. Rf5 c6 43. Kg2 Re8 44. Kf3 a5 45. Ke3 Re6 46. h4 Rg6
47. Rf3 Re6 48. Rg3+ Kf7 49. f4 b5 50. c3 c5 51. h5 Rf6 52. Rg1 d5 53. Rb1 dxe4
54. dxe4 Rb6 55. e5 b4 56. cxb4 cxb4 57. axb4 axb4 58. Rb3 Ke6 59. Ke4 Rb5 60.
Kd4 Rb8 61. Kc5 Rc8+ 62. Kxb4 Kf5 63. Rf3 Rc1 64. Rc3 Rb1+ 65. Kc5 Kxf4 66. e6
Kf5 67. Re3 Rb8 68. e7 Re8 69. Kd6 Kg5 70. Re5+ Kf6 71. Kd7 Ra8 72. e8=Q 1-0

[Event "4NCL/Div2/NID-SCS"]
[Site "Rd2-Birmingham"]
[Date "1999.10.10"]
[Round "2.8"]
[White "Partington, Anna"]
[Black "Hammond, Rhiannon"]
[Result "1/2-1/2"]
[WhiteElo "1496"]
[BlackElo "1465"]
[PlyCount "118"]
[EventDate "1999.10.10"]
[Source "Britbase"]
[SourceDate "2000.01.01"]

1. e4 c5 2. c3 g6 3. d4 cxd4 4. cxd4 d5 5. exd5 Nf6 6. Bc4 Bg7 7. Nc3 O-O 8.
Bf4 Nbd7 9. Qf3 a6 10. Bb3 Nh5 11. Be3 Nb6 12. Nge2 Nf6 13. h3 Re8 14. O-O e6
15. dxe6 Bxe6 16. Bxe6 Rxe6 17. Qxb7 Nfd5 18. Nxd5 Nxd5 19. Nf4 Nxf4 20. Bxf4
Rb6 21. Qe4 Rxb2 22. Bc7 Qe8 23. Qxe8+ Rxe8 24. Rfe1 Rxe1+ 25. Rxe1 Bxd4 26.
Re8+ Kg7 27. a3 Bxf2+ 28. Kf1 Bd4 29. Be5+ Bxe5 30. Rxe5 Rb5 31. Re3 Rf5+ 32.
Ke2 Kf6 33. Rb3 Rb5 34. Rc3 Rb2+ 35. Kf1 Rb6 36. Ke2 Kg5 37. Kf3 f5 38. Kg3 Kh5
39. h4 h6 40. Kh3 g5 41. hxg5 hxg5 42. Kg3 Rf6 43. Kf2 f4 44. Kf3 g4+ 45. Kf2
Rb6 46. Rc4 Kg5 47. Rc5+ Kh4 48. Rc3 Rb2+ 49. Kf1 a5 50. g3+ fxg3 51. Rc5 g2+
52. Kg1 Kg3 53. Rc3+ Kh4 54. a4 Rb4 55. Ra3 Rb2 56. Rc3 Ra2 57. Rc4 Kh3 58.
Rc3+ g3 59. Rxg3+ Kxg3 1/2-1/2

[Event "4NCL/Div2/PER-GD"]
[Site "Rd2-Birmingham"]
[Date "1999.10.10"]
[Round "2.1"]
[White "Hodge, David"]
[Black "Varley, Peter"]
[Result "1/2-1/2"]
[WhiteElo "2117"]
[BlackElo "2240"]
[PlyCount "37"]
[EventDate "1999.10.10"]
[Source "Britbase"]
[SourceDate "2000.01.01"]

1. e4 e5 2. Nf3 Nc6 3. Bc4 Bc5 4. b4 Bb6 5. a4 a5 6. b5 Nd4 7. Nxd4 Bxd4 8. c3
Bb6 9. O-O Nf6 10. d3 d6 11. Be3 Bxe3 12. fxe3 O-O 13. Nd2 Qe7 14. Rb1 Nd7 15.
d4 Nb6 16. Bb3 Kh8 17. Qh5 f6 18. Nc4 Nxc4 19. Bxc4 1/2-1/2

[Event "4NCL/Div2/PER-GD"]
[Site "Rd2-Birmingham"]
[Date "1999.10.10"]
[Round "2.2"]
[White "Powell, J Lloyd"]
[Black "Trent, Lawrence"]
[Result "1/2-1/2"]
[WhiteElo "2152"]
[BlackElo "2139"]
[PlyCount "110"]
[EventDate "1999.10.10"]
[Source "Britbase"]
[SourceDate "2000.01.01"]

1. d4 Nf6 2. c4 c5 3. d5 b5 4. cxb5 a6 5. bxa6 g6 6. Nc3 Bxa6 7. g3 d6 8. Bg2
Bg7 9. Nh3 O-O 10. O-O Nbd7 11. Bd2 Qb6 12. Rb1 Ne5 13. b3 Rfb8 14. Qc2 Bc8 15.
Ng5 Bf5 16. Nge4 Kh8 17. h3 Qa5 18. a4 Qa6 19. f4 Ned7 20. g4 Bxe4 21. Nxe4
Qxe2 22. Rbe1 Qa6 23. Ng5 Qb6 24. a5 Qxb3 25. Qxb3 Rxb3 26. Rxe7 Bf8 27. Re2 h6
28. Nxf7+ Kg8 29. Nxh6+ Bxh6 30. g5 Nh5 31. Re7 Bg7 32. Rxd7 Bd4+ 33. Kh2 Re8
34. a6 Rb2 35. Bc1 Ra2 36. a7 c4 37. Rxd6 Ree2 38. a8=Q+ Rxa8 39. Rxg6+ Kf7 40.
Re6 Rc2 41. Be3 Bxe3 42. Rxe3 Raa2 43. Rg1 c3 44. Rf3 Rf2 45. Rxf2 Rxf2 46. Rc1
c2 47. Kg1 Rd2 48. g6+ Kg7 49. Bf3 Nxf4 50. d6 Nxh3+ 51. Kf1 Ng5 52. Be2 Ne4
53. Ke1 Rxd6 54. Rxc2 Rxg6 55. Rc7+ Kh6 1/2-1/2

[Event "4NCL/Div2/PER-GD"]
[Site "Rd2-Birmingham"]
[Date "1999.10.10"]
[Round "2.3"]
[White "Addison, Bret"]
[Black "Saunders, W Nigel"]
[Result "1-0"]
[WhiteElo "2181"]
[BlackElo "2150"]
[PlyCount "77"]
[EventDate "1999.10.10"]
[Source "Britbase"]
[SourceDate "2000.01.01"]

1. d4 Nf6 2. c4 g6 3. Nc3 d5 4. Nf3 Bg7 5. Bf4 O-O 6. Rc1 c6 7. e3 Nbd7 8. h3
Nb6 9. c5 Nbd7 10. Be2 Re8 11. O-O Nh5 12. Bh2 Nhf6 13. b4 Ne4 14. Nxe4 dxe4
15. Nd2 f5 16. Nc4 Nf6 17. Qa4 Be6 18. b5 Bd5 19. Na5 Qd7 20. bxc6 bxc6 21. Ba6
Nh5 22. Bb7 Rad8 23. Bxc6 Bxc6 24. Qxc6 e5 25. Qxd7 Rxd7 26. g4 fxg4 27. hxg4
Nf6 28. Bxe5 Rxe5 29. dxe5 Nxg4 30. e6 Rc7 31. Rfd1 Ne5 32. Rd8+ Bf8 33. c6 Kg7
34. Rd7+ Nxd7 35. exd7 Be7 36. Nb7 Kf6 37. d8=Q Bxd8 38. Nxd8 Ke7 39. Nb7 1-0